000 00362nam a2200157 a 4500
008 190603s |||| d
100 1 _aBrown Simon
245 1 0 _aFeng-Shui od A-Z
_bSťastie ,Stratení,Ako zbohatnúť
260 _bMetafora
_aPraha
041 _acez
044 _aCZ
250 _a1.vydanie
020 _c0
958 _aAZN
958 _aA
999 _c20773
_d20773